Буржуазная "массовая" культура: новые времена, старые проблемы: очерки

מידע ביבליוגרפי
מחבר ראשי: Мусиенко Н. Б. Наталья Борисовна
מחברים אחרים: Яковенко П. Г. Петр Георгиевич, Голубь Е. Е. Елена Евгеньевна
שפה:רוסית
יצא לאור: Киев, Мыстэцтво, 1988
נושאים:
פורמט: MixedMaterials ספר
KOHA link:https://koha.lib.tpu.ru/cgi-bin/koha/opac-detail.pl?biblionumber=248762

MARC

LEADER 00000nam0a2200000 4500
001 248762
005 20231101232422.0
010 |a 5771500372 
035 |a (RuTPU)RU\TPU\book\270636 
090 |a 248762 
100 |a 20140127d1988 k y0rusy50 ca 
101 0 |a rus 
102 |a UA 
105 |a a z 001zy 
200 1 |a Буржуазная "массовая" культура: новые времена, старые проблемы  |e очерки  |f Н. Б. Мусиенко, П. Г. Яковенко, Е. Е. Голубь 
210 |a Киев  |c Мыстэцтво  |d 1988 
215 |a 208 с.  |c ил. 
320 |a Библиогр.: с. 202-205. 
606 1 |a Буржуазная идеология  |x Культура  |2 stltpush  |3 (RuTPU)RU\TPU\subj\30421  |9 53531 
610 1 |a кино 
610 1 |a рок-музыка 
610 1 |a изобразительное искусство 
610 1 |a искусство 
686 |a Ч111.168  |v LBC/SL-A  |2 rubbk 
700 1 |a Мусиенко  |b Н. Б.  |g Наталья Борисовна 
701 1 |a Яковенко  |b П. Г.  |g Петр Георгиевич 
701 1 |a Голубь  |b Е. Е.  |g Елена Евгеньевна 
801 1 |a RU  |b 63413507  |c 20140127 
801 2 |a RU  |b 63413507  |c 20140128  |g RCR 
942 |c BK